| 000 | 00747cam a2200193 4500 | ||
|---|---|---|---|
| 001 | WB3641-13 | ||
| 008 | 000000n2000 000 0 eng u | ||
| 035 | _a(Sirsi) u108846 | ||
| 245 | _aStigma undermines regenerated estates | ||
| 260 | _c2000 | ||
| 490 |
_aHousing Today _v(205) 12 October 2000, 6(1) |
||
| 520 | _aAccording to the Joseph Rowntree Foundations's "Challenging images: housing estates, stigma and regeneration" study of three stigmatised estates in Birmingham, Newcastle and Edinburgh, unpopular estates are still labelled problem areas despite attempts to regenerate them. | ||
| 590 | _aWB | ||
| 650 | _aHOUSING ESTATES | ||
| 650 | _aINNER CITIES | ||
| 650 | _aBLIGHT | ||
| 690 |
_aAffordable housing _96215 |
||
| 942 | _n0 | ||
| 999 |
_c64986 _d64986 |
||